000 00457nam a2200169Ia 4500
008 240729s9999 xx 000 0 und d
022 _a2042-0048
245 0 _aVeterinary Medicine International
260 _aUnited Kingdom
260 _bHindawi Limited
650 _a Animal culture
650 _a Veterinary medicine
650 _aAgriculture
856 _uhttps://doaj.org/toc/4c4f3c1ca5494b6a84e2c1e2eb7871ca
942 _2ddc
942 _cDOAJEJ
999 _c71710
_d71710
945 _a1
_bMadushi Gamage
_c1
_dMadushi Gamage